000 00730nam a2200217Ia 4500
008 191130s1992##################000#0#eng##
020 _a9780486272344
022 _a92009962
040 _aACL
_cACL
082 _a769.92 ERD
100 _aErdman, David V
245 _aThe illuminated Blake : William Blake's complete illuminated works with a plate-by-plate commentary
_cby David V. Erdman
260 _aMineola, N.Y
_bDover Publications
_c1992
300 _a416 p. : ill. ; 21 x 29 cm
650 _aBlake, William, 1757-1827 - Themes, motives
650 _aIllumination of books and manuscripts, English
700 _aBlake, William
990 _ae95d9afaac10000c4a480a988bfba234
991 _a376196
999 _c53463
_d53463